• 首页
  • 本馆介绍
  • 公告通知
  • 最新文献
  • 馆藏检索
  • 电子资源
  • 读者导购
  • 参考咨询
  • 我的图书馆
  • 登录
  • 详细信息显示
  • 放入我的书架
  • 预约/预借图书
  • 作者相关作品
  • 分类相关作品
  • 丛书相关作品
  • 出版社相关作品

书目信息

  • 表格格式
  • 工作单格式
  • 卡片格式
题名:
中国古代教育
    
 
作者: 徐潜 主编 ;丁超 , 姜丹丹 编著
分册:  
出版信息: 长春   吉林文史出版社  2014
页数: 204页
开本: 24cm
丛书名:
单 册:
中图分类: G529.2-49 , G529
科图分类:
主题词: 教育史--中国--古代--通俗读物
电子资源:
ISBN: 978-7-5472-1499-2
000 00729nam0 22002531 450
001 2357282330
005 20231128232745.06
010    @a978-7-5472-1499-2@dCNY33.80
100    @a20140727d2014 em y0chiy0110 ea
101 0  @achi
102    @aCN@b220000
105    @aah z 000yy
200 1  @a中国古代教育@Azhong guo gu dai jiao yu@f徐潜主编@g丁超,姜丹丹编著
210    @a长春@c吉林文史出版社@d2014
215    @a204页@c图,摹真@d24cm
300    @a辉煌的文教科技
606 0  @a教育史@y中国@z古代@j通俗读物
690    @aG529.2-49@v5
690    @aG529@v4
701  0 @a徐潜@Axu qian@4主编
702  0 @a丁超@Ading chao@4编著
702  0 @a姜丹丹@Ajiang dan dan@4编著
801  0 @aCN@b91MARC@c20140727
905    @aZUCC@dG529@e7
    
    中国古代教育/徐潜主编/丁超,姜丹丹编著.-长春:吉林文史出版社,2014
    204页:图,摹真;24cm
    辉煌的文教科技
    
    ISBN 978-7-5472-1499-2:CNY33.80
    
●
相关链接 在五车中查询图书 在当当中查询图书 在豆瓣中查询图书


正题名:中国古代教育     索取号:G529/7         预约/预借

序号 登录号 条形码 馆藏地/架位号 状态 备注
1 2001000349   2001000349   第四书库/四007架B面7层1列/ [索取号:G529/7] 在馆    
2 2001000350   2001000350   第四书库/四007架B面7层1列/ [索取号:G529/7] 在馆    
3 2001000351   2001000351   第四书库/四007架B面7层1列/ [索取号:G529/7] 在馆    
4 2001000352   2001000352   第四书库/四007架B面7层1列/ [索取号:G529/7] 在馆    
5 2001000353   2001000353   第四书库/四007架B面7层1列/ [索取号:G529/7] 在馆    
6 2001000354   2001000354   第四书库/四007架B面7层1列/ [索取号:G529/7] 在馆    
山东省滨州职业学院图书馆 欢迎您!
大连网信软件有限公司© 版权所有